2026 Movies by Picture - Statistics

General Stats
  • This quiz has been taken 28 times
  • The average score is 11 of 16
Answer Stats
Picture Answer % Correct
Project Hail Mary
96%
Toy Story 5
88%
Dune: Part Three
79%
Michael
75%
The Devil Wears Prada 2
75%
The Odyssey
75%
The Super Mario Galaxy Movie
75%
The Sheep Detectives
71%
Spider-Man: Brand New Day
63%
The Mandalorian and Grogu
63%
Animal Farm
58%
Avengers: Doomsday
50%
Mortal Kombat 2
50%
Supergirl
50%
28 Years Later: The Bone Temple
42%
Scream 7
42%
No matching quizzes found
Score Distribution
Percent of People with Each Score
Percentile by Number Answered
Your Score History
You have not taken this quiz